[Event "SVK-chT2B 1819"]
[Site "Slovakia"]
[Date "2019.04.07"]
[Round "11.6"]
[White "Vencel, Gabriel"]
[Black "Hritz, Julius"]
[Result "0-1"]
[WhiteElo "1901"]
[BlackElo "1718"]
[PlyCount "126"]
[EventDate "2018.10.13"]
[EventType "team-tourn"]
[EventRounds "11"]
[EventCountry "SVK"]
[SourceTitle "EXT 2020"]
[Source "ChessBase"]
[SourceDate "2019.10.17"]
[SourceVersion "1"]
[SourceVersionDate "2019.10.17"]
[SourceQuality "1"]
[WhiteTeam "Tlmace"]
[BlackTeam "Surany"]
[WhiteTeamCountry "SVK"]
[BlackTeamCountry "SVK"]

1. e4 e6 2. d4 d5 3. exd5 exd5 4. Bf4 Bd6 5. Bxd6 Qxd6 6. Qd2 Bf5 7. Nf3 h6 8. Be2 Nf6 9. Nc3 c6 10. 0-0 0-0 11. Ne5 Ne4 12. Nxe4 Bxe4 13. Bh5 Nd7 14. f3 Nxe5 15. dxe5 Qxe5 16. Bxf7+ Rxf7 17. fxe4 Rxf1+ 18. Rxf1 Qxe4 19. Re1 Qh4 20. g3 Qc4 21. b3 Qc5+ 22. Kg2 Rf8 23. b4 Qd6 24. c3 Qf6 25. Qe3 Kh8 26. h4 Kg8 27. a4 a6 28. Rd1 Qf7 29. Qe2 Re8 30. Qd3 Qe6 31. Rd2 Qe4+ 32. Qf3 g5 33. Qxe4 Rxe4 34. hxg5 hxg5 35. Rd4 Kf7 36. a5 Kf6 37. g4 Ke5 38. Rd3 Rxg4+ 39. Kh3 Rc4 40. Rg3 g4+ 41. Kg2 Kf4 42. Rd3 Re4 43. Kf2 Kf5 44. Kg3 Kg5 45. Kg2 Kh4 46. Kf2 Re7 47. Rd4 Rf7+ 48. Kg2 Rf3 49. c4 Rf5 50. cxd5 Rxd5 51. Re4 Rd2+ 52. Kf1 Rb2 53. Rd4 Kh3 54. Kg1 g3 55. Rd1 Rxb4 56. Kh1 Rb5 57. Ra1 Rd5 58. Kg1 c5 59. Kf1 Rf5+ 60. Kg1 c4 61. Ra2 c3 62. Rg2 Rf2 63. Kh1 Rf1+ 0-1

[Event "SVK-chT2B 1516"]
[Site "Slovakia"]
[Date "2016.03.13"]
[Round "11.6"]
[White "Szilard, Ladislav"]
[Black "Vencel, Gabriel"]
[Result "1-0"]
[WhiteElo "2131"]
[BlackElo "1920"]
[PlyCount "115"]
[EventDate "2015.10.17"]
[EventType "team-tourn"]
[EventRounds "11"]
[EventCountry "SVK"]
[SourceTitle "EXT 2019"]
[Source "ChessBase"]
[SourceDate "2018.10.10"]
[SourceVersion "1"]
[SourceVersionDate "2018.10.10"]
[SourceQuality "1"]
[WhiteTeam "Komarno KSC"]
[BlackTeam "Tlmace NSK"]
[WhiteTeamCountry "SVK"]
[BlackTeamCountry "SVK"]

1. d4 Nf6 2. c4 e6 3. Nc3 d5 4. Nf3 b6 5. Bg5 Be7 6. cxd5 exd5 7. e3 0-0 8. Be2 h6 9. Bh4 Nbd7 10. 0-0 Bb7 11. Rc1 c5 12. Bg3 Nh5 13. dxc5 Nxg3 14. hxg3 Nxc5 15. Nd4 Bf6 16. b4 Ne4 17. Nxe4 Bxd4 18. Qxd4 dxe4 19. Rfd1 Qxd4 20. Rxd4 a5 21. Rc7 Rab8 22. Rdd7 Bc8 23. Rxf7 Rxf7 24. Bc4 Ba6 25. Bxf7+ Kf8 26. Bd5 Rd8 27. Bxe4 Rd1+ 28. Kh2 Rd2 29. bxa5 bxa5 30. Rc2 Rd6 31. Rc5 Rd2 32. Rxa5 Bc4 33. Rf5+ Ke7 34. Rc5 Bxa2 35. Rc2 Rxc2 36. Bxc2 Kf6 37. g4 g5 38. Be4 Ke5 39. Bb7 Bc4 40. Kg3 Be2 41. f3 Bd3 42. Kf2 Bc4 43. g3 Bb3 44. f4+ Kf6 45. Bf3 Be6 46. e4 Bb3 47. Ke3 Ke6 48. Kd4 Ba2 49. f5+ Kf6 50. e5+ Ke7 51. Bd5 Bb1 52. f6+ Kd7 53. Be4 Ba2 54. Bf5+ Ke8 55. e6 Kf8 56. Ke5 Bb3 57. Bg6 Ba4 58. e7+ 1-0

[Event "SVK-chT2B 1314"]
[Site "Slovakia"]
[Date "2014.01.12"]
[Round "6.4"]
[White "Frajka, Peter"]
[Black "Vencel, Gabriel"]
[Result "1-0"]
[WhiteElo "1824"]
[BlackElo "1881"]
[PlyCount "105"]
[EventDate "2013.10.19"]
[EventType "team-tourn"]
[EventRounds "11"]
[EventCountry "SVK"]
[SourceTitle "EXT 2015"]
[Source "ChessBase"]
[SourceDate "2014.11.20"]
[SourceVersion "1"]
[SourceVersionDate "2014.11.20"]
[SourceQuality "1"]
[WhiteTeam "Topolcianky"]
[BlackTeam "Nitra NSK II"]
[WhiteTeamCountry "SVK"]
[BlackTeamCountry "SVK"]

1. d4 Nf6 2. c4 e6 3. Nc3 d5 4. Bg5 Be7 5. e3 h6 6. Bh4 b6 7. cxd5 exd5 8. Nf3 0-0 9. Bd3 Bb7 10. Rc1 Ne4 11. Bxe7 Qxe7 12. 0-0 Nd6 13. Bb1 Nd7 14. Qc2 Nf6 15. Ne5 g6 16. Ne2 Rfc8 17. Nc6 Bxc6 18. Qxc6 Nc4 19. Nc3 Qd6 20. Qxd6 Nxd6 21. Na4 Nc4 22. Bd3 b5 23. b3 Nd2 24. Rfd1 Nxb3 25. axb3 bxa4 26. bxa4 a5 27. Rc6 Nd7 28. Rdc1 Nb6 29. Bb5 Rab8 30. f4 Re8 31. Kf2 Nc4 32. Rxc7 Nxe3 33. Bxe8 Rxe8 34. Rc8 Ng4+ 35. Kg3 Nf6 36. Rxe8+ Nxe8 37. Rc5 Nf6 38. Rxa5 Kf8 39. Kf3 Ke7 40. g4 Ke6 41. h4 h5 42. g5 Ne4 43. Ra6+ Kd7 44. Ra7+ Ke6 45. a5 Nd6 46. a6 Nb5 47. Rb7 Nxd4+ 48. Kf2 Nc6 49. a7 Nxa7 50. Rxa7 d4 51. Ra5 f6 52. gxf6 Kxf6 53. Rd5 1-0

[Event "SVK-chT2B 1314"]
[Site "Slovakia"]
[Date "2013.10.19"]
[Round "1.7"]
[White "Urban, Gabor"]
[Black "Vencel, Gabriel"]
[Result "1/2-1/2"]
[WhiteElo "1964"]
[BlackElo "1881"]
[PlyCount "100"]
[EventDate "2013.10.19"]
[EventType "team-tourn"]
[EventRounds "11"]
[EventCountry "SVK"]
[SourceTitle "EXT 2015"]
[Source "ChessBase"]
[SourceDate "2014.11.20"]
[SourceVersion "1"]
[SourceVersionDate "2014.11.20"]
[SourceQuality "1"]
[WhiteTeam "Batorove Kosihy"]
[BlackTeam "Nitra NSK II"]
[WhiteTeamCountry "SVK"]
[BlackTeamCountry "SVK"]

1. c4 c5 2. Nc3 Nc6 3. g3 e6 4. Bg2 Nf6 5. Nf3 d5 6. cxd5 exd5 7. d4 Be7 8. 0-0 0-0 9. dxc5 Bxc5 10. Bg5 Be7 11. Bxf6 Bxf6 12. Nxd5 Bxb2 13. Rb1 Bf6 14. Nxf6+ Qxf6 15. Qd2 Rd8 16. Qb2 Qxb2 17. Rxb2 Rb8 18. Rc1 Ne7 19. h4 Kf8 20. Ne5 f6 21. Nd3 Bf5 22. Nf4 b6 23. e4 Bg4 24. f3 Bc8 25. Rc7 Rd7 26. Rbc2 Rxc7 27. Rxc7 Rb7 28. Rxb7 Bxb7 29. Ne6+ Kg8 30. Bf1 Bc8 31. Nd4 Bd7 32. Kf2 Kf8 33. Ke3 Nc6 34. Nxc6 Bxc6 35. Kd4 Ke7 36. f4 Be8 37. Bc4 Bd7 38. Ba6 Kd6 39. Bd3 h6 40. Be2 a5 41. e5+ fxe5+ 42. fxe5+ Ke7 43. Bc4 b5 44. Bd5 Bf5 45. Kc5 Bd3 46. a3 b4 47. axb4 axb4 48. Kxb4 Bf5 49. Kc5 Bg4 50. Kd4 Bf5 1/2-1/2